00386nam a2200121 a 450000500170000000800410001705000180005810000180007624500110009426000420010599900190014795200980016620140414131857.0100914s19uu xx 00 eng d aFILbXi4 2007 aRivera, Augie aXilef. aManila, Philippines :bAdarna,c2007. c110523d110523 001040aMUbMUcFILd2010-09-14l0oFIL Xi4 2007pM0945r2014-04-14 00:00:00w2014-04-14yBK